000 00720nam a2200217Ia 4500
008 130821s1996 sp gr spa
020 _a8485855795
040 _aCo-BoUCM
_bspa
041 0 0 _aspa
100 _aVillar, Antonio.
_9156754
245 1 0 _aCurso de microeconomía avanzada un enfoque de equilibrio general
_cAntonio Villar.
260 _aBarcelona (España)
_bAntoni Bosh
_c1996
300 _a285 páginas
504 _aIncluye bibliografía.
650 0 4 _aDemanda (Teoría económica)
_912607
650 0 4 _aEconomía
_9174
650 0 4 _aMicroeconomía
_919488
650 0 4 _aProducción (Teoría económica)
_922426
942 _cLIBRO
_a7
_e1
_mV45
_2DEWEY
_h338.5
999 _c22198
_d22198